[Event "Wch U14 Disney"]
[Site "Paris"]
[Date "1998.??.??"]
[Round "9"]
[White "Vovsha, Eli"]
[Black "Gajewski, Grzegorz"]
[Result "1-0"]
[WhiteElo "2235"]
[BlackElo "2135"]

1.d4 Nf6 2.c4 g6 3.Nc3 Bg7 4.e4 d6 5.Nf3 O-O 6.Be2 e5 7.O-O Nc6 8.d5 Ne7
9.Nd2 a5 10.a3 Nd7 11.Rb1 f5 12.b4 Nf6 13.f3 Bh6 14.Nb3 Bxc1 15.Rxc1 axb4
16.axb4 f4 17.c5 g5 18.Nb5 Ra2 19.Bc4 g4 20.Ra1 Rxa1 21.Qxa1 g3 22.h3 Ne8
23.Qa8 Qd7  1-0

[Event "HUN-ch op"]
[Site "Pecs"]
[Date "1998.??.??"]
[Round "5"]
[White "Ruck, Robert"]
[Black "Anka, Emil"]
[Result "1/2-1/2"]
[WhiteElo "2450"]
[BlackElo "2420"]

1.c4 Nf6 2.Nc3 g6 3.e4 d6 4.d4 Bg7 5.Nf3 O-O 6.Be2 e5 7.O-O Nc6 8.d5 Ne7
9.b4 Nh5 10.Re1 a5 11.bxa5 c5 12.a4 Rxa5 13.Rb1 Nf4 14.Bf1 h6 15.Bxf4 exf4
16.e5 Bg4  1/2-1/2

[Event "World op"]
[Site "Philadelphia"]
[Date "1998.??.??"]
[Round "9"]
[White "Fedorowicz, John P"]
[Black "Belakovskaia, Anjelina"]
[Result "1/2-1/2"]
[WhiteElo "2495"]
[BlackElo "2385"]

1.d4 Nf6 2.Nf3 g6 3.c4 Bg7 4.Nc3 O-O 5.e4 d6 6.Be2 e5 7.O-O Nc6 8.d5 Ne7
9.b4 Nh5 10.Re1 f5 11.Ng5 Nf4 12.Bxf4 exf4 13.Rc1 Kh8 14.Bf3 a5 15.b5 Ng8
16.Ne6 Bxe6 17.dxe6 Bxc3 18.Rxc3 Qf6 19.Rc1 Qxe6 20.exf5 Qxf5 21.Qd4+ Qf6
22.Qxf6+ Rxf6 23.Bxb7 Rb8 24.Bd5 Rff8 25.Bc6 Rf7 26.a4 Re7 27.Kf1 Rxe1+ 28.Rxe1 Kg7
29.Re4 g5 30.h4 gxh4 31.Rxf4 Ne7 32.Be4 h3 33.gxh3 Ng6 34.Bxg6 hxg6 35.Ke2 Re8+
36.Kd3 Re1 37.Re4 Rd1+ 38.Kc2 Rf1 39.Re7+ Kf6 40.Rxc7 Rxf2+ 41.Kd3 Ra2 42.Ke4 Ke6
43.Rg7 Rxa4 44.Rxg6+ Kf7 45.Rxd6 Rxc4+ 46.Rd4 Rc5 47.Rd5 Rc4+ 48.Kf5 Ke7
49.Kg6 Rh4 50.Rd3 Rb4 51.Rd5 Rh4 52.Re5+ Kd6 53.Re3  1/2-1/2

[Event "Plzen opJ"]
[Site "Plzen"]
[Date "1998.??.??"]
[Round "7"]
[White "Kalod, Radek"]
[Black "Starostits, Ilmas"]
[Result "0-1"]
[WhiteElo "2435"]
[BlackElo "2330"]

1.c4 Nf6 2.Nc3 g6 3.e4 d6 4.d4 Bg7 5.Nf3 O-O 6.Be2 e5 7.O-O Nc6 8.d5 Ne7
9.b4 Nh5 10.Re1 Nf4 11.Bf1 h6 12.c5 g5 13.Be3 Bg4 14.h3 Bd7 15.Qb3 g4 16.hxg4 Bxg4
17.Nh2 Bd7 18.Rac1 Neg6 19.Ne2 f5 20.cxd6 cxd6 21.exf5 Rxf5 22.Ng3 Rf7 23.Bd3 Nh4
24.Be4 Kh8 25.b5 b6 26.a4 h5 27.Qd1 Bh6 28.Nxh5 Nhxg2 29.Bxg2 Nxg2 30.Kxg2 Qh4
31.Ng3 Rg8 32.Rc2 Qh3+ 33.Kg1 Bxe3 34.Rxe3 Rh7 35.Qf3 Qxh2+ 36.Kf1 Qh4 37.Re4 Bg4
38.Qa3 Bh3+ 39.Ke1 Rxg3 40.Rxh4 Rxa3 41.Rxh7+ Kxh7 42.Rc7+ Kg6 43.Rxa7 Rd3
44.Ra6 Bg2 45.Ke2 e4 46.f4 exf3+ 47.Kxd3 f2 48.Rxb6 f1=Q+ 49.Kc3 Qc1+  0-1

[Event "Plzen opJ-B"]
[Site "Plzen"]
[Date "1998.??.??"]
[Round "8"]
[White "Balin, Jan"]
[Black "Hampek, M."]
[Result "1-0"]
[WhiteElo "1725"]
[BlackElo "1655"]

1.d4 Nf6 2.c4 d6 3.Nc3 g6 4.e4 Bg7 5.Nf3 O-O 6.Be2 e5 7.O-O Nc6 8.d5 Ne7
9.Ne1 Ne8 10.Be3 f5 11.f3 f4 12.Bf2 h5 13.b4 g5 14.c5 Rf6 15.Rc1 Rg6 16.cxd6 Nxd6
17.Nb5 Nxb5 18.Bxb5 g4 19.Qb3 Kh8 20.Kh1 g3 21.Bg1 c6 22.dxc6 Nxc6 23.Qf7 Kh7
24.a3 a5 25.Qd5 Qf6 26.bxa5 Rxa5 27.a4 Qh4 28.Qf7 Qd8 29.Rc5 Qd2 30.Rd5 Qb2
31.Bxc6 bxc6 32.Rxa5 Qe2 33.Rxe5 Qxf1 34.Rxh5+ Rh6 35.Rxh6+ Kxh6 36.Qxf4+ Kh7
37.Qxg3 Bd4 38.Qc7+ Kg6 39.Qxc6+ Kh7 40.Qc7+ Kg6 41.Qd6+ Kf7 42.Qxd4 Qxe1  1-0

[Event "CRO-chT2"]
[Site "Pula"]
[Date "1998.??.??"]
[Round "1"]
[White "Bilobrk, Franjo"]
[Black "Vrban, Mladen"]
[Result "1-0"]
[WhiteElo "2365"]
[BlackElo "2310"]

1.d4 Nf6 2.Nf3 g6 3.c4 Bg7 4.Nc3 O-O 5.e4 d6 6.Be2 e5 7.O-O Nc6 8.d5 Ne7
9.b4 Nh5 10.Re1 h6 11.c5 f5 12.Nd2 Nf6 13.Bf1 fxe4 14.Ndxe4 Nxe4 15.Nxe4 dxc5
16.Bc4 b5 17.Bxb5 cxb4 18.Bc4 Kh7 19.Bb2 Nf5 20.Rc1 Nd4 21.Qd2 a5 22.f4 Rxf4
23.Bxd4 Rxe4 24.Rxe4 exd4 25.Rce1 Bf6 26.Qf2 Bf5 27.Rf4 c5 28.g4 Bh4 29.Qf1 Bxe1
30.Qxe1 Qg5 31.Qg3 Bc2 32.d6 Ra7 33.h4 Qd8 34.g5 d3 35.Qh2 Rg7 36.Rf6 a4
37.h5 b3 38.axb3 axb3 39.hxg6+ Rxg6 40.Rf7+ Kg8 41.Rd7+  1-0

[Event "Pula op"]
[Site "Pula"]
[Date "1998.??.??"]
[Round "2"]
[White "Cebalo, Miso"]
[Black "Bobrowska, Monika"]
[Result "0-1"]
[WhiteElo "2515"]
[BlackElo "2320"]

1.d4 Nf6 2.Nf3 g6 3.c4 Bg7 4.Nc3 O-O 5.e4 d6 6.Be2 e5 7.O-O Nc6 8.Be3 Ng4
9.Bg5 f6 10.Bc1 Kh8 11.h3 exd4 12.Nxd4 Nxd4 13.Qxd4 f5 14.Qd1 Ne5 15.exf5 Bxf5
16.f4 Nc6 17.Be3 Qf6 18.Qd2 Nd4 19.Bd3 Bxd3 20.Qxd3 Qf5 21.Rad1 Nc2 22.Bc1 Qc5+
23.Kh2 Nb4 24.Qe4 Rae8 25.Qxb7 Qxc4 26.Rf3 Rb8 27.Qxa7 Ra8 28.Qf2 Nxa2 29.Nxa2 Rxa2
30.Re1 Ra1 31.b3 Qf7 32.Qc2 Rfa8 33.Re2 Kg8 34.f5 R1a2 35.Qxa2 Rxa2 36.Rxa2 Be5+
37.Bf4 Qxf5 38.Bxe5 Qxe5+ 39.g3 d5 40.h4 h5 41.Raf2 Qe7 42.Rf6 Qe8 43.Rc2 d4
44.Rf3 Qe6 45.Kg2 c6 46.Rd2 Qe4 47.b4 Kg7 48.Kf2 g5 49.Rfd3 g4 50.Kg1 Qe1+
51.Kg2 Qe4+ 52.Kh2 Qe1 53.Rxd4 Qf1 54.Rg2 Qf5 55.Rf4 Qe5 56.Rc2 Qe1 57.Rf5 Qe4
58.Rfc5 Qxb4 59.Rxh5 Qb1 60.Rhc5 Qf1 61.Rg5+ Kf6 62.Rxg4 Ke5 63.Rgc4 Qf7
64.Rxc6 Kd5 65.R6c4 Qh7 66.Rc5+ Kd4 67.Rc7 Qg6 68.Rf2 Ke3 69.Rcf7 Qg8  0-1

[Event "CRO-Cup"]
[Site "Pula"]
[Date "1998.??.??"]
[Round "4"]
[White "Muslija, Idris"]
[Black "Jurkovic, Ante"]
[Result "1/2-1/2"]
[WhiteElo "2245"]
[BlackElo "2320"]

1.c4 g6 2.Nf3 Bg7 3.d4 Nf6 4.Nc3 O-O 5.e4 d6 6.Be2 e5 7.O-O Nc6 8.d5 Ne7
9.b4 Nh5 10.Re1 a5 11.Ba3 axb4 12.Bxb4 Nf4 13.Bf1 f5 14.a4 Kh8 15.Ra3 Ng8
16.Nd2 Nh6 17.Nf3 Nf7 18.c5 Rg8 19.Nd2 Bf8 20.cxd6 Bxd6 21.Bxd6 cxd6 22.g3 Qg5
23.Kh1 Nh5 24.Nc4 Nf6 25.Qd2 Qxd2 26.Nxd2 fxe4 27.Ndxe4 Nxe4 28.Rxe4 Re8
29.Rb4 Re7 30.Rb6 Bf5 31.Nb5 Rd7 32.f3 g5 33.Kg2 Kg7 34.Kf2 h5 35.Ke3 h4
36.g4 Bg6 37.Bd3 Bxd3 38.Kxd3 Kf6 39.Nc3 Ke7 40.Rab3 Ra7 41.R3b4 Nd8 42.Ne4 Ra5
43.R6b5 Rxb5 44.axb5 Nf7 45.Ra4 Rc7 46.Ra7 Nd8 47.b6 Rc1 48.Nxg5 Rd1+ 49.Ke4 Rd4+
50.Ke3 Rxd5 51.f4 Rb5 52.fxe5 dxe5 53.Nf3 Rxb6 54.Nxe5 Re6 55.Kf4 Rxe5 56.Rxb7+ Nxb7
57.Kxe5 Nc5 58.g5  1/2-1/2

[Event "CRO-Cup"]
[Site "Pula"]
[Date "1998.??.??"]
[Round "4"]
[White "Bilobrk, Franjo"]
[Black "Zelenika, Srdjan"]
[Result "1/2-1/2"]
[WhiteElo "2365"]
[BlackElo "2260"]

1.d4 Nf6 2.c4 g6 3.Nc3 Bg7 4.Nf3 O-O 5.e4 d6 6.Be2 e5 7.O-O Nc6 8.d5 Ne7
9.b4 Nh5 10.Re1 a5 11.Ba3 axb4 12.Bxb4 Nf4 13.Bf1 Bg4 14.h3 Bxf3 15.Qxf3 c5
16.dxc6 Nxc6 17.Rab1 Ne6 18.Qd3 Ned4 19.c5 Nxb4 20.Rxb4 dxc5 21.Rxb7 Ra3
22.Qc4 Qa5 23.Re3 Bh6 24.Rd3 Bd2 25.Nd5 Rxd3 26.Bxd3 Bg5 27.Nc3 Kg7 28.Bf1 h5
29.Nb5 Qd2 30.a4 h4 31.Nxd4  1/2-1/2

[Event "CRO-Cup"]
[Site "Pula"]
[Date "1998.??.??"]
[Round "5"]
[White "Havas, Ladislav"]
[Black "Jurkovic, Ante"]
[Result "1-0"]
[WhiteElo "2275"]
[BlackElo "2320"]

1.d4 Nf6 2.c4 g6 3.Nc3 Bg7 4.e4 d6 5.Nf3 O-O 6.Be2 e5 7.O-O Nc6 8.d5 Ne7
9.Nd2 a5 10.a3 Ne8 11.Rb1 f5 12.b4 Nf6 13.f3 Bh6 14.bxa5 Be3+ 15.Kh1 f4 16.Nb3 Bxc1
17.Rxc1 g5 18.c5 Ng6 19.cxd6 cxd6 20.Nb5 Rf7 21.Nd2 Ne8 22.Nc4 Rb8 23.Qb3 h5
24.Qb4 Rf6 25.Nb6 Bd7 26.Rc3 g4 27.Nxd7 Qxd7 28.Rfc1 Nh4 29.fxg4 hxg4 30.g3 f3
31.Bf1 Ng6 32.Nc7 Qh7 33.Nxe8 Rxe8 34.Rc7 Qh6 35.Qxb7 Nf4 36.Rc8 Ref8 37.Rxf8+ Rxf8
38.Rc8 Nh3 39.Rxf8+ Qxf8 40.Qb6 f2 41.Qe3 Kh7 42.a6 Kg6 43.a7 Ng5 44.Qe2  1-0

[Event "CRO-chT2"]
[Site "Pula"]
[Date "1998.??.??"]
[Round "5"]
[White "Banusic, Zeljko"]
[Black "Mihalincic, Tomislav"]
[Result "1/2-1/2"]
[WhiteElo "2240"]
[BlackElo "2205"]

1.d4 Nf6 2.Nf3 g6 3.c4 Bg7 4.Nc3 d6 5.e4 O-O 6.Be2 e5 7.O-O Nc6 8.d5 Ne7
9.Ne1 Nd7 10.Be3 f5 11.f3 f4 12.Bf2 g5 13.Nb5 b6 14.a4 a5 15.Nd3 Nc5 16.Be1 g4
17.Nxc5 gxf3 18.Bxf3 dxc5 19.Nxc7 Qxc7 20.d6 Qb7 21.dxe7 Qxe7 22.Bc3 Be6
23.Qe2 Qg5 24.Rad1 Rad8 25.b3 h6 26.Rxd8 Rxd8 27.Rd1 Kh7 28.Rd3 Rxd3 29.Qxd3 Qe7
30.Qd1 Qd7 31.Qxd7 Bxd7 32.Kf2 Kg6 33.g3 fxg3+ 34.Kxg3 h5 35.Bb2 Bf6 36.h3 Bc8
37.h4  1/2-1/2

[Event "Radenci op"]
[Site "Radenci"]
[Date "1998.??.??"]
[Round "?"]
[White "Tratar, Marko"]
[Black "Delchev, Aleksander"]
[Result "1-0"]
[WhiteElo "2420"]
[BlackElo "2545"]

1.Nf3 Nf6 2.c4 g6 3.Nc3 Bg7 4.e4 d6 5.d4 O-O 6.Be2 e5 7.O-O Nc6 8.d5 Ne7
9.Nd2 a5 10.a3 Nd7 11.Rb1 f5 12.b4 Kh8 13.f3 c6 14.bxa5 Nc5 15.Nb3 Nxb3 16.Rxb3 Rxa5
17.Be3 c5 18.a4 f4 19.Bd2 Ng8 20.Qa1 g5 21.g4 h5 22.h3 Rf6 23.Nd1 Ra7 24.a5 Rh6
25.Kg2 Ne7 26.Nb2 Qg8 27.Na4 Qh7 28.Rh1 Bd7 29.Nb6 Be8 30.Rbb1 Ng6 31.Nc8 Ra8
32.Rxb7 Rxc8 33.a6 hxg4 34.hxg4 Nh4+ 35.Kf2 Ng6 36.Rxh6 Qxh6 37.Kg2 Nh4+
38.Kg1 Ng6 39.a7 Qh3 40.Qf1 Qg3+ 41.Qg2 Ra8 42.Ba5  1-0

[Event "Radenci op"]
[Site "Radenci"]
[Date "1998.??.??"]
[Round "?"]
[White "Brglez, Rado"]
[Black "Ipavec, Petra"]
[Result "1-0"]
[WhiteElo "2260"]
[BlackElo "2100"]

1.d4 Nf6 2.c4 g6 3.Nc3 Bg7 4.e4 d6 5.Nf3 O-O 6.Be2 e5 7.O-O Nc6 8.d5 Ne7
9.b4 Nh5 10.Re1 h6 11.Nd2 Nf4 12.Bf1 f5 13.c5 fxe4 14.Ndxe4 Nf5 15.g3 Nh5
16.Bg2 Nf6 17.Nxf6+ Qxf6 18.Ne4 Qe7 19.Bb2 a5 20.a3 axb4 21.axb4 Bd7 22.Qd3 Qf7
23.b5 Rxa1 24.Rxa1 dxc5 25.Ra7 Nd6 26.Qd2 Bxb5 27.Nxc5 Nc4 28.Qc2 Nxb2 29.Ne6 Nd3
30.Nxf8 Qxf8 31.Rxb7 Ne1 32.Qxc7 Nd3 33.Rb8 Be8 34.Qc2 e4 35.Bxe4 Ne1 36.Qd2 Be5
37.Ra8  1-0

[Event "Regensburg op"]
[Site "Regensburg"]
[Date "1998.??.??"]
[Round "5"]
[White "Ruzele, Darius"]
[Black "Speckner, Roland"]
[Result "1-0"]
[WhiteElo "2515"]
[BlackElo "2335"]

1.d4 Nf6 2.c4 g6 3.Nc3 Bg7 4.e4 d6 5.Be2 O-O 6.Nf3 e5 7.O-O Nc6 8.d5 Ne7
9.Ne1 Nd7 10.Be3 f5 11.f3 f4 12.Bf2 g5 13.g4 fxg3 14.hxg3 Ng6 15.Ng2 h5 16.Ne3 h4
17.g4 Nf4 18.Kh2 a5 19.Nf5 Bf6 20.Qd2 b6 21.b3 Nc5 22.Rab1 Bd7 23.Bd1 Qc8
24.a3 Qa6 25.Ne3 b5 26.b4 axb4 27.axb4 Ncd3 28.Bg1 Rfb8 29.Bb3 Nxb4 30.cxb5 Bxb5
31.Nxb5 Qxb5 32.Bc4 Qa4 33.Rfd1 Rb6 34.Nf1 Rbb8 35.Ne3 Rb6 36.Rb2 Rab8 37.Ng2 R6b7
38.Rdb1 Qa3 39.Rb3 Qa4 40.Bf1 Qa5 41.Be3 Kf7 42.Ne1 Qa4 43.Be2 Bd8 44.Bd1 Qb5
45.Bxf4 exf4 46.Nd3 Qc4 47.Rxb4 Rxb4 48.Rxb4 Rxb4 49.Nxb4 Bf6 50.Nc6 Bc3
51.Qc2 Qf1 52.Qe2 Qxe2+ 53.Bxe2 Ke8 54.Bf1 Kd7 55.Kg1 Kc8 56.Ba6+ Kd7 57.Kf2 Bd2
58.Bf1  1-0

[Event "ISL-chT9899"]
[Site "Reykjavik"]
[Date "1998.??.??"]
[Round "?"]
[White "Halldorsson, Bragi"]
[Black "Bjornsson, Sigurbjorn"]
[Result "0-1"]
[WhiteElo "2245"]
[BlackElo "2209"]

1.d4 Nf6 2.c4 g6 3.Nc3 Bg7 4.e4 d6 5.Be2 O-O 6.Nf3 e5 7.O-O Nc6 8.d5 Ne7
9.Ne1 Ne8 10.f3 f5 11.g4 c6 12.Nd3 Nf6 13.Bd2 f4 14.h4 Kh8 15.Rf2 b5 16.b3 a5
17.dxc6 bxc4 18.c7 Qxc7 19.Nb5 Qb6 20.bxc4 Bxg4 21.fxg4 Nxe4 22.Bf3 Nxf2
23.Nxf2 d5 24.Bc3 e4 25.Bxg7+ Kxg7 26.Nd4 exf3 27.c5 Qf6 28.g5 Qe5 29.Nxf3 Qe3
30.Kg2 Nf5 31.Qxd5 Rad8 32.Qb7+ Rf7 33.Qb2+ Nd4 34.Nxd4 Qxd4 35.Qb6 f3+ 36.Kg3 Qxa1
37.Qxd8 Qg1+  0-1

[Event "Rio de Janeiro op"]
[Site "Rio de Janeiro"]
[Date "1998.??.??"]
[Round "7"]
[White "Bobrowska, Monika"]
[Black "Toth, Andras"]
[Result "1/2-1/2"]
[WhiteElo "2320"]
[BlackElo "2325"]

1.d4 Nf6 2.Nf3 g6 3.c4 Bg7 4.Nc3 O-O 5.e4 d6 6.Be2 e5 7.O-O Nc6 8.d5 Ne7
9.Ne1 Nd7 10.Be3 f5 11.f3 f4 12.Bf2 g5 13.g4 Ng6 14.Nd3 h5 15.h3 Kf7 16.c5 a6
17.Rc1 Rh8 18.c6 bxc6 19.dxc6 Nf6 20.Nb4 Be6 21.Nbd5 hxg4 22.hxg4 Nh4 23.Bxh4 Rxh4
24.Kg2 Qb8 25.b3 Qa7 26.Rh1 Rxh1 27.Qxh1 Bxd5 28.exd5 e4 29.Qg1 Qxg1+ 30.Rxg1 exf3+
31.Bxf3 Re8 32.Rd1 Re3 33.Ne2 Ne4 34.b4 Bb2 35.a4 Ba3 36.Nd4 Nc3 37.Ra1 Bb2
38.Rf1 Nxa4 39.Ne6 Rxe6 40.dxe6+ Kxe6 41.Rh1 Bg7 42.Be2 Nb6 43.Bxa6 d5 44.Rh7 Be5
45.Kf3 Bd6 46.Rh6+ Ke5 47.Rg6 Be7 48.Bd3 Kd4 49.Be2 Nc4 50.Rg7 Bd6 51.Kf2 Kc3
52.Rd7 Nb6 53.Rh7 Kxb4 54.Rg7 f3 55.Kxf3 Bf4  1/2-1/2

[Event "ESP-chT"]
[Site "Salamanca"]
[Date "1998.??.??"]
[Round "1"]
[White "Corral Blanco, Juan A"]
[Black "Paramos Dominguez, Roberto"]
[Result "1-0"]
[WhiteElo "2440"]
[BlackElo "2435"]

1.d4 Nf6 2.c4 g6 3.Nc3 Bg7 4.e4 d6 5.Nf3 O-O 6.Be2 e5 7.O-O Nc6 8.d5 Ne7
9.Nd2 a5 10.Nb3 b6 11.Bg5 Nd7 12.Nb5 f6 13.Bh4 h5 14.f3 Bh6 15.Qd3 Rf7 16.Rae1 Ba6
17.Qc3 Kh7 18.Na1 Nc5 19.Nc2 Qd7 20.b3 f5 21.exf5 gxf5 22.Bxe7 Rxe7 23.f4 Bxf4
24.Qh3 Rf8 25.Bxh5 Kg8 26.g3 Rg7 27.Nbd4 Bxg3 28.hxg3 exd4 29.Nxd4 Bc8 30.Rxf5 Qd8
31.Rxf8+ Qxf8 32.Qh4 Bd7 33.Re3 Rh7 34.Nc6  1-0

[Event "Balazs mem op"]
[Site "Salgotarjan"]
[Date "1998.??.??"]
[Round "4"]
[White "Csonkics, Tunde"]
[Black "Bottyan, Peter"]
[Result "1-0"]
[WhiteElo "2225"]
[BlackElo "2140"]

1.d4 Nf6 2.c4 g6 3.Nc3 Bg7 4.e4 d6 5.Be2 O-O 6.Nf3 e5 7.O-O Nc6 8.Be3 Re8
9.dxe5 dxe5 10.h3 Be6 11.c5 Nh5 12.Ng5 Nf4 13.Nxe6 Nxe6 14.Bc4 Ncd4 15.Bxe6 Rxe6
16.Rc1 Kh8 17.Re1 c6 18.Qa4 Qe7 19.Ne2 Nxe2+ 20.Rxe2 f5 21.f3 f4 22.Bf2 h5
23.Rd2 g5 24.Qd1 Qf6 25.Rc3 Qg6 26.Rd8+ Rxd8 27.Qxd8+ Kh7 28.Rd3 Bf6 29.Qc8 Bg7
30.Qd8 Qf6 31.Qc7 g4 32.hxg4 hxg4 33.fxg4 Qg6 34.Qd7 Qxe4 35.g5 Qg6 36.Rh3+ Kg8
37.Qxb7 Re8 38.Qd7 e4 39.Bd4 Qe6 40.Qxg7+  1-0

[Event "Balazs mem op"]
[Site "Salgotarjan"]
[Date "1998.??.??"]
[Round "9"]
[White "Csiszar, Zoltan"]
[Black "Binder, Tamas"]
[Result "0-1"]
[WhiteElo "2200"]
[BlackElo "2235"]

1.d4 Nf6 2.c4 g6 3.Nc3 Bg7 4.e4 d6 5.Nf3 O-O 6.Be2 e5 7.O-O Nc6 8.d5 Ne7
9.b4 Ne8 10.c5 h6 11.a4 f5 12.Nd2 f4 13.Nc4 g5 14.Ba3 Rf6 15.Rc1 Bf8 16.b5 Ng6
17.f3 dxc5 18.d6 cxd6 19.Bxc5 Be6 20.Bf2 h5 21.Nd5 Rf7 22.Qd2 g4 23.Rc3 Kh7
24.b6 a6 25.Na5 g3 26.hxg3 fxg3 27.Bxg3 Bh6 28.Qd1 Rg7 29.Rf2 Nh4 30.f4 Bxd5
31.Qxd5 exf4 32.Bxh4 Qxh4 33.Rh3 Qxh3  0-1

[Event "San Francisco Linklater"]
[Site "San Francisco"]
[Date "1998.??.??"]
[Round "5"]
[White "Lobo, Richard"]
[Black "Grefe, John A"]
[Result "0-1"]
[WhiteElo "2310"]
[BlackElo "2425"]

1.d4 Nf6 2.c4 g6 3.Nc3 Bg7 4.e4 d6 5.Nf3 O-O 6.Be2 e5 7.O-O Nc6 8.d5 Ne7
9.b4 Nh5 10.Re1 Nf4 11.Bf1 a5 12.bxa5 Rxa5 13.Nd2 c5 14.a4 Ra6 15.Nb3 h6
16.a5 g5 17.Na4 f5 18.g3 Nfg6 19.Nb6 fxe4 20.Nxc8 Qxc8 21.Bg2 Nf5 22.Bxe4 Rf6
23.Qd3 Qf8 24.Bd2 Qf7 25.Rab1 Ra8 26.Rb2 Rf8 27.Rf1 Qd7 28.Bc3 h5 29.Nd2 h4
30.Rfb1 hxg3 31.fxg3 Nfh4 32.Rxb7 Qg4 33.Bxg6 Nxg6 34.Qe4 Qh3 35.Rb8 Nf4
36.Rxf8+ Bxf8 37.Rf1 Rh6 38.Rf2 Qg4 39.Rf3 Rxh2 40.Re3 Rg2+ 41.Qxg2 Nxg2
42.Kxg2 Qd1 43.g4 Qxg4+ 44.Kf2 Qf5+ 45.Ke2 Qc2 46.Rg3 Be7  0-1

[Event "San Jose op"]
[Site "San Jose"]
[Date "1998.??.??"]
[Round "1"]
[White "Baron Rodriguez, Jorge"]
[Black "Gimeno, PJ."]
[Result "1-0"]
[WhiteElo "2335"]
[BlackElo "1955"]

1.d4 Nf6 2.Nf3 g6 3.c4 Bg7 4.Nc3 d6 5.e4 O-O 6.Be2 e5 7.O-O Nc6 8.d5 Ne7
9.b4 Nd7 10.c5 f5 11.Ng5 Nf6 12.f3 h6 13.Ne6 Bxe6 14.dxe6 d5 15.exd5 Nfxd5
16.Nxd5 Nxd5 17.Bc4 Ne7 18.Bb2 Kh7 19.Qe2 Nc6 20.Rad1 Qh4 21.g3 Qg5 22.Rd7 Rad8
23.Rfd1 Rxd7 24.Rxd7 Rd8 25.f4 Qf6  1-0

[Event "San Jose op"]
[Site "San Jose"]
[Date "1998.??.??"]
[Round "9"]
[White "Garza Marco, Sergio"]
[Black "Gimeno Oteo, Marco Antonio"]
[Result "1/2-1/2"]
[WhiteElo "2340"]
[BlackElo "2245"]

1.d4 Nf6 2.Nf3 g6 3.c4 Bg7 4.Nc3 O-O 5.e4 d6 6.Be2 e5 7.O-O Nc6 8.d5 Ne7
9.b4 Nd7 10.c5 f5 11.Ng5 Nf6 12.f3 Kh8 13.a4 h6 14.Ne6 Bxe6 15.dxe6 d5 16.exd5 Nexd5
17.Nxd5 Nxd5 18.c6 bxc6 19.b5 Re8 20.Bc4 Rxe6 21.Qb3 Re8 22.bxc6 Rb8 23.Qa3 Nf4
24.Be3 Qh4 25.Rac1 e4 26.Rc2 exf3 27.Bf2 Qg4 28.Qxf3 Qxf3 29.gxf3 Nh3+ 30.Kg2 Nxf2
31.Rfxf2 Kh7 32.Rfd2 Red8 33.Rd7 Rxd7 34.cxd7 Bf6 35.Ba6 Bd8 36.Re2 Bf6 37.Rc2 Bd8
38.Re2 Bf6 39.Re6 Kg7 40.f4 Rb2+ 41.Kf3 Rd2 42.Bb5 Rd6  1/2-1/2

[Event "ECI opJ 25th"]
[Site "Sas Van Gent"]
[Date "1998.??.??"]
[Round "3"]
[White "Karttunen, Mika"]
[Black "Solleveld, Maarten"]
[Result "0-1"]
[WhiteElo "2275"]
[BlackElo "2295"]

1.d4 Nf6 2.c4 g6 3.Nc3 Bg7 4.e4 d6 5.Nf3 O-O 6.Be2 e5 7.O-O Nc6 8.d5 Ne7
9.b4 a5 10.bxa5 c5 11.a4 Rxa5 12.Ra3 Ra6 13.Ne1 Nd7 14.Nb5 f5 15.exf5 gxf5
16.f4 Ng6 17.g3 Nf6 18.fxe5 Nxe5 19.Ng2 Ne4 20.Nh4 Qe7 21.Qc2 Ra8 22.Bd3 Bd7
23.Bf4 Nxd3 24.Rxd3 Rf7 25.Nf3 Qf6 26.Nd2 Bxb5 27.cxb5 Qb2 28.Qxb2 Bxb2 29.Nxe4 fxe4
30.Rb3 Bd4+ 31.Kg2 Rxa4 32.Re1 Ra2+ 33.Kh3 e3 34.Bxe3 Re7 35.Rd3 Re5 36.Kg4 Rxh2
37.Bg1 Rg2 38.Be3 Ra2 39.Kf3 Kf7 40.Rf1 Bxe3  0-1

[Event "GER-ch U20"]
[Site "Schierke"]
[Date "1998.??.??"]
[Round "4"]
[White "Lipinsky, Fabian"]
[Black "Mai, Philipp"]
[Result "1-0"]
[WhiteElo "2395"]
[BlackElo "2240"]

1.d4 Nf6 2.c4 g6 3.Nc3 Bg7 4.e4 d6 5.Nf3 O-O 6.Be2 e5 7.O-O Nc6 8.d5 Ne7
9.Ne1 Nd7 10.Be3 f5 11.f3 f4 12.Bf2 g5 13.Rc1 Ng6 14.c5 Nxc5 15.b4 Na6 16.Nb5 Bd7
17.Nxa7 Rf7 18.a4 Bf8 19.Rc4 Rg7 20.Nb5 h5 21.Kh1 Nh4 22.g3 fxg3 23.Bxg3 Ng6
24.Nd3 Be7 25.Rg1 c6 26.dxc6 bxc6 27.Nc3 Be6 28.Rxc6 Nb8 29.b5 Nxc6 30.bxc6 Qb6
31.Qd2 Qxc6 32.Bf2 Rb8 33.Nb5 d5 34.Rc1 Qd7 35.Qe3 d4 36.Qd2 Rc8 37.Bg3 Rxc1+
38.Qxc1 Nf4 39.Bf1 Nxd3 40.Bxd3 Bd6 41.a5 h4 42.a6 hxg3 43.a7 Qb7 44.Bc4 Bxc4
45.Qxc4+ Kh7 46.Qe6 Bc5 47.Qh3+ Kg8 48.Qe6+ Kf8 49.Qf6+ Kg8 50.Qd8+ Kh7 51.a8=Q Qxb5
52.Qh8+ Kg6 53.Qae8+ Qxe8 54.Qxe8+ Kh7 55.Qxe5 Ba7 56.hxg3 Kg8 57.Qd5+ Kf8  1-0

[Event "GER-ch Girls U20"]
[Site "Schierke"]
[Date "1998.??.??"]
[Round "6"]
[White "Nill, Jessica"]
[Black "Cleven, Maria"]
[Result "1/2-1/2"]
[WhiteElo "2155"]
[BlackElo "2125"]

1.d4 Nf6 2.Nf3 g6 3.c4 Bg7 4.Nc3 O-O 5.e4 d6 6.Be2 e5 7.O-O Nc6 8.d5 Ne7
9.b4 a5 10.Ba3 axb4 11.Bxb4 Nd7 12.a4 Bh6 13.Ne1 b6 14.a5 Nc5 15.axb6 Rxa1
16.bxc7 Rxd1 17.cxd8=Q Rxd8 18.Bxd1 Ba6 19.Be2 Nb3 20.Nf3 Nc1 21.Nxe5 Bd2
22.Nd3 Nxe2+ 23.Nxe2 Bxb4 24.Nxb4 Bxc4 25.Re1 Rb8 26.Nc2 Bd3 27.Ncd4 Rb4
28.f3 f5 29.exf5 Nxf5 30.Nxf5 gxf5 31.Kf2 Bxe2 32.Rxe2 Rd4 33.Re7 Rxd5 34.Kg3 Rd2
35.Kh3 Rd4 36.Rd7 Rd3 37.Kh4 Rd2 38.g3 Rxh2+ 39.Kg5 Rh3 40.Kf4 h5 41.Rxd6 Kg7
42.Re6 Kf7 43.Re5 Kg6 44.Ra5 h4 45.Ra6+ Kg7 46.gxh4 Rxh4+ 47.Kxf5 Rh5+ 48.Kg4 Rc5
49.f4 Rb5 50.Re6 Kf7 51.Rc6 Ra5 52.Rd6 Rb5 53.Rd4 Kf6  1/2-1/2

[Event "GER-ch U20"]
[Site "Schierke"]
[Date "1998.??.??"]
[Round "8"]
[White "Duppel, Matthias"]
[Black "Sebastian, Dirk"]
[Result "1-0"]
[WhiteElo "2255"]
[BlackElo "2190"]

1.d4 Nf6 2.c4 g6 3.Nc3 Bg7 4.e4 d6 5.Nf3 O-O 6.Be2 e5 7.O-O Nc6 8.d5 Ne7
9.b4 Nh5 10.Re1 Nf4 11.Bf1 h6 12.c5 g5 13.Nd2 f5 14.a4 Kh8 15.g3 Nfg6 16.exf5 Nxf5
17.Nde4 Nd4 18.Bg2 g4 19.Re3 Ne7 20.Bb2 Rf7 21.Rd3 a6 22.b5 Nf3+ 23.Bxf3 gxf3
24.b6 cxb6 25.Nxd6 Rf8 26.Rxf3 Nf5 27.Nce4 bxc5 28.Nc4 Nd4 29.Bxd4 exd4 30.Ned6 Rxf3
31.Qxf3 Qf6 32.Qxf6 Bxf6 33.Nb6 d3 34.Rb1 Bg4 35.Nxa8 d2 36.Ne4 d1=Q+ 37.Rxd1 Bxd1
38.Nxf6 c4 39.Ne4 Bxa4 40.Nb6 Be8 41.d6  1-0

[Event "Seefeld op 9th"]
[Site "Seefeld"]
[Date "1998.??.??"]
[Round "7"]
[White "Kaye, Ferdinand"]
[Black "Baumann, Kurt"]
[Result "1/2-1/2"]
[WhiteElo "1990"]
[BlackElo "1780"]

1.Nf3 g6 2.c4 d6 3.d4 Bg7 4.Nc3 Nf6 5.e4 O-O 6.Be2 e5 7.O-O Nc6 8.d5 Ne7
9.b4 Nh5 10.c5 f5 11.a4 Nf4 12.Bc4 fxe4 13.Ng5 Nf5 14.Ngxe4 Nd4 15.Ba3 Bf5
16.f3 Bh6 17.g3 Nh3+ 18.Kg2 Ng5 19.Nxg5 Bxg5 20.Ne4 Bxe4 21.fxe4 Rxf1  1/2-1/2

[Event "ROM-chT"]
[Site "Sovata"]
[Date "1998.??.??"]
[Round "1"]
[White "Ionescu, Constantin"]
[Black "Istratescu, Andrei"]
[Result "1/2-1/2"]
[WhiteElo "2495"]
[BlackElo "2575"]

1.Nf3 Nf6 2.c4 g6 3.Nc3 Bg7 4.e4 d6 5.d4 O-O 6.Be2 e5 7.O-O Nc6 8.d5 Ne7
9.Ne1 Nd7 10.Be3 f5 11.f3 f4 12.Bf2 g5 13.g4 h5 14.h3 Kf7  1/2-1/2

[Event "ROM-chT"]
[Site "Sovata"]
[Date "1998.??.??"]
[Round "2"]
[White "Florean, Andrei"]
[Black "Vajda, Levente"]
[Result "0-1"]
[WhiteElo "2455"]
[BlackElo "2440"]

1.d4 Nf6 2.c4 g6 3.Nc3 Bg7 4.e4 d6 5.Nf3 O-O 6.Be2 e5 7.O-O Nc6 8.d5 Ne7
9.b4 Nh5 10.Re1 f5 11.Ng5 Nf6 12.Bf3 h6 13.Ne6 Bxe6 14.dxe6 c6 15.b5 Qa5
16.Bd2 Qc7 17.bxc6 bxc6 18.Qa4 Qc8 19.Rad1 Qxe6 20.exf5 gxf5 21.Bxc6 Nxc6
22.Qxc6 Rac8 23.Qa6 Qxc4 24.Qxd6 Rfd8 25.Qe7 Rd7 26.Qxe5 Ng4 27.Qxf5 Rf7
28.Qg6 Nxf2 29.Rc1 Nd3 30.Re4 Qc5+ 31.Be3 Qf5 32.Qxf5 Rxf5 33.Rf1 Rxf1+ 34.Kxf1 Rxc3
35.Bxa7 Ra3 36.Re7 Rxa2 37.Be3 Ra4 38.h3 Ne5 39.Rb7 Re4 40.Bd2 Nc4  0-1

[Event "ROM-chT"]
[Site "Sovata"]
[Date "1998.??.??"]
[Round "5"]
[White "Grigore, George"]
[Black "Sofronie, Iulian"]
[Result "1-0"]
[WhiteElo "2480"]
[BlackElo "2405"]

1.d4 Nf6 2.c4 g6 3.Nc3 Bg7 4.e4 d6 5.Be2 O-O 6.Nf3 e5 7.O-O Nc6 8.d5 Ne7
9.Nd2 a5 10.Rb1 Nd7 11.a3 f5 12.b4 Kh8 13.f3 Ng8 14.Qc2 Ndf6 15.Bd3 axb4
16.axb4 f4 17.Nb5 Ne8 18.c5 Ngf6 19.Bb2 g5 20.Ra1 Rxa1 21.Rxa1 Bd7 22.Ra7 g4
23.Rxb7 gxf3 24.Nxf3 Ng4 25.c6 Ne3 26.cxd7 Nxc2 27.dxe8=Q Qxe8 28.Bxc2 Qa8
29.Rxc7 Rc8 30.Rxc8+ Qxc8 31.Bd3 Qb8 32.Kf1 Bf6 33.Bc3 Kg8 34.Na3 Qa7 35.Nc4 Qa4
36.Ke2 Be7 37.Bd2 h6 38.b5 Qxb5 39.Nxd6 Qc5 40.Nc4 Bd8 41.Ncxe5 Bb6 42.Bxf4 Qf2+
43.Kd1 Qxg2 44.d6 h5 45.d7 h4 46.Bg5 h3 47.d8=Q+  1-0

[Event "Petrov mem"]
[Site "St Petersburg"]
[Date "1998.??.??"]
[Round "5"]
[White "Komarov, Anatoly"]
[Black "Uchitel, Stanislav"]
[Result "1-0"]
[WhiteElo "2060"]
[BlackElo "2120"]

1.d4 Nf6 2.c4 g6 3.Nc3 Bg7 4.e4 d6 5.Nf3 O-O 6.Be2 e5 7.O-O Nc6 8.d5 Ne7
9.b4 a5 10.bxa5 c5 11.Nd2 Rxa5 12.Nb3 Ra6 13.a4 Ne8 14.Bd2 f5 15.f3 f4 16.g4 fxg3
17.hxg3 Kh8 18.Kg2 Ng8 19.Rh1 Nef6 20.Rh4 Nh5 21.Qh1 Ngf6 22.Qh2 Kg8 23.Rh1 h6
24.f4 exf4 25.gxf4 Rb6 26.Nb5 Qe7 27.e5 dxe5 28.d6 Qe8 29.fxe5 Nh7 30.Bc3 Qc6+
31.Kg1 Ng5 32.Nd2 Ra6 33.a5 b6 34.Nc7 Ra7 35.Nd5 Qa4 36.Ne7+ Kh7 37.Rxh5 gxh5
38.Bd3+ Bf5 39.Nxf5 Qd1+ 40.Kg2 Qg4+ 41.Qg3 Qxg3+ 42.Nxg3+ Kg8 43.Nxh5 Ne6
44.Rf1 bxa5 45.Rxf8+ Kxf8 46.Bf5 Nd8 47.Nxg7 Rxg7+ 48.Kf3 Rg5 49.Kf4 Nb7
50.Ne4 Rg1 51.e6 Rf1+ 52.Ke5 Nxd6 53.Nxd6 Ke7 54.Nc8+  1-0